[Event "Daventry 4NCL Easter Open"]
[Site "Daventry"]
[Date "2025.04.21"]
[Round "6.3"]
[White "Hebden, Mark L"]
[Black "Okhai, Shabir"]
[Result "1-0"]
[WhiteElo "2451"]
[BlackElo "2222"]
[PlyCount "103"]
[EventDate "2025.04.18"]
[EventType "swiss"]
[EventRounds "7"]
[EventCountry "ENG"]
[SourceTitle "BritBase"]
[Source "John Saunders"]
[SourceDate "2025.09.17"]
[SourceVersion "1"]
[SourceVersionDate "2025.09.17"]
[SourceQuality "1"]

1. d4 Nf6 2. Bg5 e6 3. e4 h6 4. Bxf6 Qxf6 5. c3 d5 6. Nd2 c5 7. Ngf3 cxd4 8. Nxd4 Bc5 9. N2b3 Bb6 10. Bb5+ Bd7 11. Bxd7+ Nxd7 12. exd5 Qe5+ 13. Qe2 Qxd5 14. O-O O-O 15. Rad1 Nf6 16. Rfe1 a6 17. c4 Qh5 18. Qxh5 Nxh5 19. Nf3 Nf6 20. Ne5 Rfd8 21. Kf1 Bc7 22. Nd3 Bb6 23. Ke2 Rac8 24. Rc1 Kf8 25. f3 Rc7 26. Ne5 Ba7 27. g4 Ke7 28. h3 Nd7 29. Nxd7 Rcxd7 30. c5 Rd5 31. Rc4 Bb8 32. Rec1 Be5 33. Rb4 R8d7 34. Rc2 Bg3 35. f4 e5 36. c6 bxc6 37. Nc5 Ra7 38. f5 Bh2 39. Ne4 c5 40. Rxc5 Rxc5 41. Nxc5 Kd6 42. Ne4+ Kc6 43. Rc4+ Kd5 44. Kd3 Bg1 45. Ra4 a5 46. b3 Bb6 47. Rc4 Bd4 48. Rc8 a4 49. b4 a3 50. b5 Bb6 51. Rc6 h5 52. Nc3# 1-0

[Event "Daventry 4NCL Easter Open"]
[Site "Daventry"]
[Date "2025.04.21"]
[Round "6.4"]
[White "Chan, Sheng Liang Bernard"]
[Black "Pilley, Jack"]
[Result "1-0"]
[WhiteElo "2177"]
[BlackElo "2145"]
[PlyCount "55"]
[EventDate "2025.04.18"]
[EventType "swiss"]
[EventRounds "7"]
[EventCountry "ENG"]
[SourceTitle "BritBase"]
[Source "John Saunders"]
[SourceDate "2025.09.17"]
[SourceVersion "1"]
[SourceVersionDate "2025.09.17"]
[SourceQuality "1"]

1. e4 c6 2. d4 d5 3. Nc3 dxe4 4. Nxe4 Nf6 5. Nxf6+ exf6 6. Be3 Be6 7. Bd3 g6 8. h4 f5 9. Ne2 Bg7 10. Qd2 h5 11. c4 Nd7 12. Nf4 Nf6 13. O-O-O O-O 14. Nxe6 fxe6 15. f3 Kh7 16. Kb1 Qd6 17. Bc2 b5 18. c5 Qd7 19. Bg5 Nd5 20. g4 hxg4 21. fxg4 Nf6 22. h5 Nxg4 23. hxg6+ Kxg6 24. Qf4 Kf7 25. Bb3 Kg8 26. Qf3 Rf7 27. Rhe1 Re8 28. Qe2 1-0

[Event "Daventry 4NCL Easter Open"]
[Site "Daventry"]
[Date "2025.04.21"]
[Round "6.5"]
[White "Raju, Sooraj Menothuparam"]
[Black "Burrows, Martin P"]
[Result "0-1"]
[WhiteElo "2309"]
[BlackElo "2141"]
[PlyCount "74"]
[EventDate "2025.04.18"]
[EventType "swiss"]
[EventRounds "7"]
[EventCountry "ENG"]
[SourceTitle "BritBase"]
[Source "John Saunders"]
[SourceDate "2025.09.17"]
[SourceVersion "1"]
[SourceVersionDate "2025.09.17"]
[SourceQuality "1"]

1. Nf3 Nf6 2. g3 d5 3. Bg2 e6 4. O-O Be7 5. c4 O-O 6. b3 b6 7. Bb2 c5 8. cxd5 Nxd5 9. d4 Bb7 10. dxc5 Bxc5 11. a3 Nd7 12. Nbd2 Rc8 13. e4 N5f6 14. Qe2 Qc7 15. Rac1 Qb8 16. e5 Nd5 17. Ng5 Be7 18. Qh5 h6 19. Nge4 Rxc1 20. Rxc1 Rc8 21. Nc4 Ba6 22. Ncd6 Rxc1+ 23. Bxc1 Qf8 24. b4 Bd3 25. Bb2 Bxe4 26. Nxe4 a5 27. bxa5 bxa5 28. Nd6 Bxd6 29. exd6 Qxd6 30. Qg4 N7f6 31. Qa4 Qb6 32. Bd4 Qb1+ 33. Bf1 Qe4 34. Qd1 Qf5 35. Qd2 Ne4 36. Qxa5 Ng5 37. f4 Nf3+ 0-1

[Event "Daventry 4NCL Easter Open"]
[Site "Daventry"]
[Date "2025.04.21"]
[Round "6.6"]
[White "Vaidyanathan, Adithya"]
[Black "Ansari, Athar"]
[Result "1-0"]
[WhiteElo "2287"]
[BlackElo "2077"]
[PlyCount "69"]
[EventDate "2025.04.18"]
[EventType "swiss"]
[EventRounds "7"]
[EventCountry "ENG"]
[SourceTitle "BritBase"]
[Source "John Saunders"]
[SourceDate "2025.09.17"]
[SourceVersion "1"]
[SourceVersionDate "2025.09.17"]
[SourceQuality "1"]

1. d4 g6 2. Nf3 Bg7 3. c4 d6 4. Nc3 Nd7 5. e4 e6 6. Be3 Ne7 7. Qd2 O-O 8. Bd3 e5 9. O-O exd4 10. Nxd4 Ne5 11. Be2 f5 12. Bg5 N5c6 13. Nd5 Bxd4 14. Nxe7+ Nxe7 15. Qxd4 Qe8 16. exf5 Rxf5 17. f4 Nc6 18. Qd2 Bd7 19. Rae1 Qe4 20. Bg4 Qxc4 21. Bxf5 Bxf5 22. b3 Qc5+ 23. Kh1 d5 24. Bf6 Rf8 25. Be5 Rf7 26. Rc1 Qb5 27. Rfd1 Be4 28. Qe3 Qb4 29. Qh3 Nxe5 30. fxe5 c6 31. Rf1 Bf5 32. Qe3 Qb6 33. Qg5 Qc7 34. Rce1 Re7 35. Rxf5 1-0

[Event "Daventry 4NCL Easter Open"]
[Site "Daventry"]
[Date "2025.04.21"]
[Round "6.7"]
[White "Kothari, Jai"]
[Black "Gordon, Sean"]
[Result "1/2-1/2"]
[WhiteElo "2204"]
[BlackElo "2050"]
[PlyCount "108"]
[EventDate "2025.04.18"]
[EventType "swiss"]
[EventRounds "7"]
[EventCountry "ENG"]
[SourceTitle "BritBase"]
[Source "John Saunders"]
[SourceDate "2025.09.17"]
[SourceVersion "1"]
[SourceVersionDate "2025.09.17"]
[SourceQuality "1"]

1. e4 c5 2. Nc3 e6 3. f4 Nc6 4. Nf3 d5 5. Bb5 Nf6 6. d3 Bd7 7. O-O d4 8. Nb1 Be7 9. a4 O-O 10. Ne5 Qc7 11. Na3 a6 12. Bxc6 Bxc6 13. Nxc6 Qxc6 14. a5 Nd7 15. Bd2 f5 16. exf5 Rxf5 17. Qe2 Re8 18. Rae1 Bd6 19. Nc4 b5 20. Qe4 Qc7 21. Nxd6 Qxd6 22. Qxf5 exf5 23. Rxe8+ Kf7 24. Rfe1 Nf6 25. R8e5 g6 26. h3 Nd5 27. g3 c4 28. b3 c3 29. Bc1 Nc7 30. g4 Kf6 31. Kf2 Nd5 32. Rg1 Ne7 33. Rge1 Nd5 34. Kg3 b4 35. h4 h5 36. gxh5 gxh5 37. Kf2 Qd7 38. Rg1 Qf7 39. Rg5 Ne7 40. Rc5 Qe8 41. Re5 Qa8 42. Re1 Qe8 43. Kg3 Qf7 44. Re5 Qe8 45. Kf2 Qa8 46. Re1 Qe8 47. Kg1 Qf7 48. Re5 Qh7 49. Kf2 Qf7 50. Rc5 Qe8 51. Rc4 Qa8 52. Rg2 Nc6 53. Rc5 Qe8 54. Rg5 Ne7 1/2-1/2

[Event "Daventry 4NCL Easter Open"]
[Site "Daventry"]
[Date "2025.04.21"]
[Round "6.8"]
[White "Richmond, Frank"]
[Black "Cox, Tristan A"]
[Result "1-0"]
[WhiteElo "1944"]
[BlackElo "2181"]
[PlyCount "111"]
[EventDate "2025.04.18"]
[EventType "swiss"]
[EventRounds "7"]
[EventCountry "ENG"]
[SourceTitle "BritBase"]
[Source "John Saunders"]
[SourceDate "2025.09.17"]
[SourceVersion "1"]
[SourceVersionDate "2025.09.17"]
[SourceQuality "1"]

1. e4 g6 2. d4 Bg7 3. Nc3 d6 4. Be3 a6 5. Qd2 b5 6. h4 Nf6 7. f3 Nbd7 8. O-O-O b4 9. Nce2 c5 10. g4 Qa5 11. Kb1 Nb6 12. Nf4 c4 13. a3 c3 14. axb4 Qxb4 15. Qxc3 Qxc3 16. bxc3 Na4 17. Bd2 O-O 18. g5 Nd7 19. Bd3 e5 20. Nfe2 a5 21. Nh3 Ba6 22. Bxa6 Rxa6 23. Ka2 exd4 24. cxd4 Rc8 25. c3 Nab6 26. Nhf4 Nc4 27. Nd5 Rb8 28. Bc1 Ndb6 29. Nef4 Na4 30. Nd3 Ra7 31. Bf4 Rab7 32. Rb1 Ncb6 33. Nc5 dxc5 34. Bxb8 Nxd5 35. Rxb7 Ndxc3+ 36. Kb3 cxd4 37. Re7 h5 38. gxh6 Bf6 39. Re8+ Kh7 40. Be5 Bxe5 41. Rxe5 Nb6 42. Rxa5 Ne2 43. Rb5 Nd7 44. Re1 Nf4 45. Rd1 d3 46. Rd5 Nf6 47. R5xd3 Kxh6 48. Rd8 Kg7 49. e5 N6h5 50. R1d7 Ne6 51. Rc8 Nhf4 52. Kc4 Ng2 53. Re8 Ngf4 54. Ree7 g5 55. Rxf7+ Kg6 56. Rf6+ 1-0

[Event "Daventry 4NCL Easter Open"]
[Site "Daventry"]
[Date "2025.04.21"]
[Round "6.9"]
[White "Baer, Bruce L"]
[Black "Bharat Kumar, Balahari"]
[Result "0-1"]
[WhiteElo "2046"]
[BlackElo "2165"]
[PlyCount "88"]
[EventDate "2025.04.18"]
[EventType "swiss"]
[EventRounds "7"]
[EventCountry "ENG"]
[SourceTitle "BritBase"]
[Source "John Saunders"]
[SourceDate "2025.09.17"]
[SourceVersion "1"]
[SourceVersionDate "2025.09.17"]
[SourceQuality "1"]

1. d3 c5 2. g3 Nc6 3. Bg2 d5 4. Nf3 e5 5. O-O Be7 6. e4 d4 7. Na3 Be6 8. Nc4 f6 9. a4 g5 10. Bd2 Qc7 11. a5 Nh6 12. a6 b6 13. Ne1 Nf7 14. f4 gxf4 15. gxf4 Bxc4 16. dxc4 O-O-O 17. Bh3+ Kb8 18. Be6 Nd6 19. Bd5 f5 20. fxe5 Nxe5 21. Nd3 Ndxc4 22. Nxe5 Nxe5 23. Rxf5 Rhf8 24. Be6 Rxf5 25. exf5 Bd6 26. Bf4 c4 27. Bxe5 Bxe5 28. Qf3 d3 29. c3 Bxh2+ 30. Kh1 Be5 31. Bxc4 Qg7 32. Rd1 d2 33. Bf1 Rd7 34. Bg2 Qh6+ 35. Kg1 Qh2+ 36. Kf2 Qf4 37. Qxf4 Bxf4 38. Kf3 Bg5 39. Kg4 h6 40. Kh5 Re7 41. Kg6 Re2 42. Bd5 Rf2 43. c4 Kc7 44. b4 Kd6 0-1

[Event "Daventry 4NCL Easter Open"]
[Site "Daventry"]
[Date "2025.04.21"]
[Round "6.10"]
[White "Potter, John M"]
[Black "Sasikumar, Srivathsan"]
[Result "1/2-1/2"]
[WhiteElo "2159"]
[BlackElo "2058"]
[PlyCount "72"]
[EventDate "2025.04.18"]
[EventType "swiss"]
[EventRounds "7"]
[EventCountry "ENG"]
[SourceTitle "BritBase"]
[Source "John Saunders"]
[SourceDate "2025.09.17"]
[SourceVersion "1"]
[SourceVersionDate "2025.09.17"]
[SourceQuality "1"]

1. e4 c5 2. Nf3 Nc6 3. g3 g6 4. Bg2 Bg7 5. O-O d6 6. c3 Nf6 7. Re1 O-O 8. h3 Nd7 9. d4 cxd4 10. cxd4 Qb6 11. d5 Nce5 12. Nxe5 Bxe5 13. Nc3 Nc5 14. Kh2 f5 15. f4 Bxc3 16. bxc3 fxe4 17. Be3 Bf5 18. g4 Bd7 19. Bxe4 Qb2+ 20. Bg2 Rae8 21. Rc1 Qxa2 22. f5 Ba4 23. Qd4 e5 24. dxe6 Bc6 25. Rg1 Nb3 26. Qxd6 Nxc1 27. Bxc1 Rd8 28. Qe7 Qe2 29. Bh6 Qe5+ 30. Kh1 Bxg2+ 31. Kxg2 Qe2+ 32. Kh1 Qe4+ 33. Kh2 Qe5+ 34. Kh1 Qe4+ 35. Kh2 Qe5+ 36. Kh1 Qe4+ 1/2-1/2

[Event "Daventry 4NCL Easter Open"]
[Site "Daventry"]
[Date "2025.04.21"]
[Round "6.11"]
[White "Varley, Joe"]
[Black "Ward, Cian"]
[Result "1-0"]
[WhiteElo "2098"]
[BlackElo "1993"]
[PlyCount "159"]
[EventDate "2025.04.18"]
[EventType "swiss"]
[EventRounds "7"]
[EventCountry "ENG"]
[SourceTitle "BritBase"]
[Source "John Saunders"]
[SourceDate "2025.09.17"]
[SourceVersion "1"]
[SourceVersionDate "2025.09.17"]
[SourceQuality "1"]

1. e4 e6 2. d4 d5 3. Nd2 Nf6 4. e5 Nfd7 5. Bd3 c5 6. c3 Nc6 7. Ne2 Qb6 8. Nf3 cxd4 9. cxd4 Bb4+ 10. Kf1 f6 11. Nf4 fxe5 12. Nxe6 e4 13. Bf4 exf3 14. Nc7+ Kf7 15. Nxa8 fxg2+ 16. Kxg2 Qxd4 17. Qf3 Nf6 18. Nc7 g5 19. Bg3 Bh3+ 20. Kg1 Bg4 21. Qe3 Qxe3 22. fxe3 Bf3 23. Rf1 Bxh1 24. Kxh1 Ke7 25. Rf5 h6 26. Nxd5+ Nxd5 27. Rxd5 Rd8 28. Rxd8 Nxd8 29. Kg2 Bd6 30. Be1 Be5 31. b3 Kf6 32. h3 Nf7 33. Bb4 Bd6 34. Bc3+ Be5 35. Ba5 b6 36. Be1 Bd6 37. Bc4 Ne5 38. Bc3 Kf5 39. Ba6 Bc5 40. Bc8+ Ke4 41. Bb7+ Kf5 42. Kf2 Nd3+ 43. Kf3 Ne5+ 44. Ke2 h5 45. a4 g4 46. Bd2 gxh3 47. Bc8+ Ke4 48. Bxh3 h4 49. Bg2+ Kf5 50. Bh3+ Ke4 51. Bc8 a5 52. Bh3 Bd6 53. Be1 Be7 54. Bc8 Ng6 55. Bh3 Ne5 56. Bf2 Bc5 57. Bg2+ Kf5 58. Bxh4 Bb4 59. Bg3 Ke6 60. Be4 Kd6 61. Bg2 Ke6 62. e4 Kd6 63. Bh3 Bc5 64. Bf4 Bb4 65. Bh2 Bc5 66. Bg3 Bd4 67. Bf5 Bc3 68. Bf2 Kc6 69. Be6 Kc7 70. Bd5 Nd7 71. Kd3 Be5 72. Kc4 Bd6 73. Bd4 Ne5+ 74. Kb5 Nd7 75. Be6 Bc5 76. Bc3 Nb8 77. Bd5 Nd7 78. e5 Nf8 79. Bxa5 Nd7 80. Bc3 1-0

[Event "Daventry 4NCL Easter Open"]
[Site "Daventry"]
[Date "2025.04.21"]
[Round "6.12"]
[White "Gunarathne, Senith"]
[Black "Sullivan, Daniel JS"]
[Result "1/2-1/2"]
[WhiteElo "2064"]
[BlackElo "2050"]
[PlyCount "138"]
[EventDate "2025.04.18"]
[EventType "swiss"]
[EventRounds "7"]
[EventCountry "ENG"]
[SourceTitle "BritBase"]
[Source "John Saunders"]
[SourceDate "2025.09.17"]
[SourceVersion "1"]
[SourceVersionDate "2025.09.17"]
[SourceQuality "1"]

1. e4 c6 2. d4 d5 3. exd5 cxd5 4. Bd3 Nc6 5. c3 Qc7 6. Qf3 Nxd4 7. Qxd5 Nc6 8. Qb3 Nf6 9. Ne2 e6 10. Be3 Bd6 11. Na3 Na5 12. Qa4+ Bd7 13. Nb5 Bxb5 14. Bxb5+ Nc6 15. Nd4 Rc8 16. Be2 Nd5 17. Nxc6 bxc6 18. Qxa7 Qxa7 19. Bxa7 c5 20. Bf3 Ra8 21. c4 Rxa7 22. cxd5 e5 23. O-O Ke7 24. Be2 Rb8 25. b3 Ra3 26. Rfc1 Rba8 27. Rc2 e4 28. Bc4 Be5 29. Re1 Rxa2 30. Rxa2 Rxa2 31. g4 Ra1 32. Rxa1 Bxa1 33. Kg2 Kd6 34. h3 Bd4 35. Kg3 Ke5 36. h4 h6 37. f4+ exf3 38. Kxf3 Bc3 39. Ke3 Be1 40. h5 Bh4 41. d6 Kxd6 42. Bxf7 Ke5 43. Bg6 Bg5+ 44. Kd3 Kd6 45. Ke4 Bf6 46. Bf5 Bg5 47. Bc8 Bf6 48. Kd3 Bg5 49. Kc4 Bd2 50. Kb5 Bc3 51. Bf5 Bd2 52. Kb6 Bg5 53. Kb7 Bh4 54. Kc8 Bg5 55. Kb7 Be3 56. Ka6 Bd2 57. Kb5 Bf4 58. Kc4 Bd2 59. Kd3 Bg5 60. Ke4 Bf6 61. Bc8 Bg5 62. Kf5 Bf6 63. Kg6 Kc7 64. Be6 Kd6 65. Bc4 Ke7 66. Bg8 Ba1 67. Bc4 Bf6 68. Bd5 Ba1 69. Bc4 Bf6 1/2-1/2

[Event "Daventry 4NCL Easter Open"]
[Site "Daventry"]
[Date "2025.04.21"]
[Round "6.13"]
[White "Burton, Sean"]
[Black "Elgar, Tim"]
[Result "0-1"]
[WhiteElo "1904"]
[BlackElo "2210"]
[PlyCount "76"]
[EventDate "2025.04.18"]
[EventType "swiss"]
[EventRounds "7"]
[EventCountry "ENG"]
[SourceTitle "BritBase"]
[Source "John Saunders"]
[SourceDate "2025.09.17"]
[SourceVersion "1"]
[SourceVersionDate "2025.09.17"]
[SourceQuality "1"]

1. e4 d5 2. exd5 Qxd5 3. Nc3 Qd6 4. Nf3 Nf6 5. Bc4 Nc6 6. d3 Bg4 7. h3 Bh5 8. g4 Bg6 9. Be3 e6 10. Qd2 a6 11. a3 Be7 12. Rg1 h5 13. g5 Nd7 14. d4 Nb6 15. Bd3 Bxd3 16. Qxd3 g6 17. O-O-O O-O-O 18. Ne4 Qd5 19. Nfd2 Na5 20. Nc3 Qc6 21. Qe4 Qxe4 22. Ndxe4 Nac4 23. Bf4 c6 24. Rg3 Nd5 25. Nxd5 cxd5 26. Rc3 Kd7 27. Nc5+ Bxc5 28. dxc5 Kc6 29. Be3 Rhe8 30. b4 a5 31. Rb3 axb4 32. axb4 Kb5 33. c3 Ra8 34. Rb1 Ra2 35. Rd4 Rea8 36. Rf4 Nxe3 37. fxe3 Rh2 38. Rxf7 Raa2 0-1

[Event "Daventry 4NCL Easter Open"]
[Site "Daventry"]
[Date "2025.04.21"]
[Round "6.14"]
[White "De Silva, Sithun"]
[Black "Cast, Julian"]
[Result "1/2-1/2"]
[WhiteElo "1920"]
[BlackElo "2006"]
[PlyCount "54"]
[EventDate "2025.04.18"]
[EventType "swiss"]
[EventRounds "7"]
[EventCountry "ENG"]
[SourceTitle "BritBase"]
[Source "John Saunders"]
[SourceDate "2025.09.17"]
[SourceVersion "1"]
[SourceVersionDate "2025.09.17"]
[SourceQuality "1"]

1. e4 d6 2. d4 Nf6 3. Nc3 Nbd7 4. f4 e5 5. Nf3 exd4 6. Qxd4 c6 7. Be3 d5 8. e5 Ng4 9. Bg1 Bc5 10. Qd2 Qb6 11. O-O-O Bxg1 12. Rxg1 Nc5 13. Nd4 Nh6 14. Be2 Nf5 15. g4 Nxd4 16. Qxd4 Bd7 17. Rg3 O-O-O 18. Na4 Nxa4 19. Qxa4 Qf2 20. Bf1 Kb8 21. Rb3 b5 22. Qb4 Kb7 23. h3 a5 24. Qd2 Qxd2+ 25. Rxd2 a4 26. Re3 h5 27. g5 Bf5 1/2-1/2

[Event "Daventry 4NCL Easter Open"]
[Site "Daventry"]
[Date "2025.04.21"]
[Round "6.15"]
[White "Hadi, Justin"]
[Black "Li, Reya"]
[Result "1-0"]
[WhiteElo "1977"]
[BlackElo "1895"]
[PlyCount "101"]
[EventDate "2025.04.18"]
[EventType "swiss"]
[EventRounds "7"]
[EventCountry "ENG"]
[SourceTitle "BritBase"]
[Source "John Saunders"]
[SourceDate "2025.09.17"]
[SourceVersion "1"]
[SourceVersionDate "2025.09.17"]
[SourceQuality "1"]

1. Nc3 d5 2. e4 d4 3. Nce2 c5 4. Ng3 e5 5. Nf3 Nc6 6. Bc4 Bd6 7. d3 h6 8. O-O Nf6 9. a3 a6 10. Nh4 Ne7 11. f4 Qc7 12. f5 b5 13. Ba2 Bb7 14. Nh5 Nxh5 15. Qxh5 c4 16. f6 g6 17. Qe2 Nc8 18. dxc4 bxc4 19. Bxc4 Nb6 20. Bd3 Qd7 21. Bd2 h5 22. Nf3 Qc6 23. c3 dxc3 24. Bxc3 Nd7 25. Ng5 O-O 26. Qf3 Nc5 27. Bc2 Bc7 28. g4 hxg4 29. Qxg4 Ne6 30. Qh4 Nxg5 31. Qxg5 Qc4 32. Qh4 Qe2 33. Qf2 Qg4+ 34. Qg2 Qxg2+ 35. Kxg2 Rfd8 36. Rad1 Rac8 37. Kg3 Rd6 38. Rxd6 Bxd6 39. Rd1 Bxa3 40. Rd7 Bc6 41. Ra7 Bb5 42. Bb3 Bc4 43. Bxc4 Rxc4 44. Rxa6 Bf8 45. Kf3 Rc5 46. Ra5 Rxa5 47. Bxa5 Kh7 48. Bc7 g5 49. Bxe5 Kg6 50. Kg4 Bb4 51. Bd4 1-0

[Event "Daventry 4NCL Easter Open"]
[Site "Daventry"]
[Date "2025.04.21"]
[Round "6.16"]
[White "Gilmore, Simon N"]
[Black "Miller, George I"]
[Result "1-0"]
[WhiteElo "2039"]
[BlackElo "1950"]
[PlyCount "57"]
[EventDate "2025.04.18"]
[EventType "swiss"]
[EventRounds "7"]
[EventCountry "ENG"]
[SourceTitle "BritBase"]
[Source "John Saunders"]
[SourceDate "2025.09.17"]
[SourceVersion "1"]
[SourceVersionDate "2025.09.17"]
[SourceQuality "1"]

1. Nf3 d5 2. g3 Nf6 3. Bg2 c5 4. O-O Nc6 5. d4 e6 6. e3 cxd4 7. Nxd4 Nxd4 8. Qxd4 Qc7 9. c4 Qxc4 10. Qxc4 dxc4 11. Nd2 Rb8 12. Nxc4 Be7 13. b3 O-O 14. Bb2 Nd7 15. Rad1 Bf6 16. Ba3 b5 17. Bxf8 bxc4 18. Bd6 Rb6 19. bxc4 Ra6 20. a3 Nb6 21. Rc1 Na4 22. Bb4 Nb2 23. Be4 Bd7 24. Rc2 Bc6 25. Bxc6 Rxc6 26. Rb1 Na4 27. Bc3 Nb6 28. Bxf6 gxf6 29. c5 1-0

[Event "Daventry 4NCL Easter Open"]
[Site "Daventry"]
[Date "2025.04.21"]
[Round "6.17"]
[White "Sahoo, Shivam"]
[Black "Hertog, Alexander"]
[Result "0-1"]
[WhiteElo "1794"]
[BlackElo "2015"]
[PlyCount "130"]
[EventDate "2025.04.18"]
[EventType "swiss"]
[EventRounds "7"]
[EventCountry "ENG"]
[SourceTitle "BritBase"]
[Source "John Saunders"]
[SourceDate "2025.09.17"]
[SourceVersion "1"]
[SourceVersionDate "2025.09.17"]
[SourceQuality "1"]

1. d4 Nf6 2. c4 e6 3. Nc3 Bb4 4. e3 O-O 5. Bd2 b6 6. Nf3 Bb7 7. Bd3 d6 8. O-O Nbd7 9. a3 Bxc3 10. Bxc3 c5 11. Nd2 cxd4 12. exd4 d5 13. Qc2 h6 14. h3 Qc7 15. Rac1 a5 16. b3 Nh5 17. Rfe1 Nf4 18. Bb2 dxc4 19. Be4 Nf6 20. bxc4 Nxe4 21. Nxe4 Nxg2 22. Kxg2 f5 23. d5 fxe4 24. Qxe4 exd5 25. Qe6+ Qf7 26. Qxf7+ Rxf7 27. Kg1 Raf8 28. Bd4 Rf5 29. Bxb6 Rg5+ 30. Kf1 Ba6 31. Re7 Bxc4+ 32. Ke1 a4 33. Rc3 Rb8 34. Bd4 Rg1+ 35. Kd2 Rbb1 36. Rg3 Rgd1+ 37. Kc2 Bb3+ 38. Kc3 Rbc1+ 39. Kb4 Rxd4+ 40. Ka5 g5 41. Rf3 Rf4 42. Rfe3 Re4 43. R3xe4 dxe4 44. Rxe4 Rf1 45. h4 Rxf2 46. hxg5 Rf5+ 47. Kb4 hxg5 48. Kc3 Kg7 49. Rg4 Kg6 50. Rg3 Rf4 51. Kb2 g4 52. Rg2 Kf5 53. Rg3 Rf3 54. Rg2 g3 55. Ka1 Rf1+ 56. Kb2 Rf2+ 57. Rxf2+ gxf2 58. Kc3 f1=Q 59. Kb4 Qc4+ 60. Ka5 Ba2 61. Kb6 Ke6 62. Ka5 Qb3 63. Ka6 Kd6 64. Ka5 Kc6 65. Ka6 Qb6# 0-1

[Event "Daventry 4NCL Easter Open"]
[Site "Daventry"]
[Date "2025.04.21"]
[Round "6.18"]
[White "Shivakumar, Akshath"]
[Black "Cook, Phil"]
[Result "1/2-1/2"]
[WhiteElo "2007"]
[BlackElo "2101"]
[PlyCount "66"]
[EventDate "2025.04.18"]
[EventType "swiss"]
[EventRounds "7"]
[EventCountry "ENG"]
[SourceTitle "BritBase"]
[Source "John Saunders"]
[SourceDate "2025.09.17"]
[SourceVersion "1"]
[SourceVersionDate "2025.09.17"]
[SourceQuality "1"]

1. d4 Nf6 2. c4 c5 3. d5 b5 4. cxb5 a6 5. bxa6 e6 6. Nc3 exd5 7. Nxd5 Nxa6 8. e3 Nxd5 9. Qxd5 Nc7 10. Qd1 d5 11. Nf3 Be7 12. Bd3 O-O 13. O-O Ba6 14. Bxa6 Rxa6 15. Qe2 Qa8 16. a3 Bf6 17. Rb1 Rb8 18. Qc2 Ne6 19. Bd2 Rab6 20. Bc3 Bxc3 21. Qxc3 Qb7 22. b4 cxb4 23. axb4 Rxb4 24. Rxb4 Qxb4 25. Qd3 Qe4 26. Qc3 h6 27. h3 Rb1 28. Rxb1 Qxb1+ 29. Kh2 Qb8+ 30. g3 Qb5 31. Kg2 Qb7 32. Nd4 Nxd4 33. Qxd4 Qc6 1/2-1/2

[Event "Daventry 4NCL Easter Open"]
[Site "Daventry"]
[Date "2025.04.21"]
[Round "6.19"]
[White "Ganguly, Aryaman"]
[Black "Deighan, Matthew J"]
[Result "1/2-1/2"]
[WhiteElo "1992"]
[BlackElo "1811"]
[PlyCount "37"]
[EventDate "2025.04.18"]
[EventType "swiss"]
[EventRounds "7"]
[EventCountry "ENG"]
[SourceTitle "BritBase"]
[Source "John Saunders"]
[SourceDate "2025.09.17"]
[SourceVersion "1"]
[SourceVersionDate "2025.09.17"]
[SourceQuality "1"]

1. e4 e6 2. d4 d5 3. e5 c5 4. c3 Nc6 5. Nf3 Bd7 6. a3 Nge7 7. b4 c4 8. Be2 Qb6 9. a4 Ng6 10. a5 Qc7 11. h4 h6 12. Bd2 b6 13. axb6 Qxb6 14. O-O Be7 15. g3 O-O 16. Be3 a5 17. h5 Nh8 18. Bxc4 axb4 19. cxb4 1/2-1/2

[Event "Daventry 4NCL Easter Open"]
[Site "Daventry"]
[Date "2025.04.21"]
[Round "7.1"]
[White "Mahadevan, Siva"]
[Black "Hebden, Mark L"]
[Result "1-0"]
[WhiteElo "2517"]
[BlackElo "2451"]
[PlyCount "69"]
[EventDate "2025.04.18"]
[EventType "swiss"]
[EventRounds "7"]
[EventCountry "ENG"]
[SourceTitle "BritBase"]
[Source "John Saunders"]
[SourceDate "2025.09.17"]
[SourceVersion "1"]
[SourceVersionDate "2025.09.17"]
[SourceQuality "1"]

1. d4 Nf6 2. c4 g6 3. Nc3 Bg7 4. e4 d6 5. f3 O-O 6. Be3 c5 7. Nge2 Nc6 8. d5 Ne5 9. Ng3 h5 10. Be2 h4 11. Nf1 e6 12. f4 Nxc4 13. Bxc4 b5 14. Bxb5 exd5 15. e5 d4 16. exf6 Bxf6 17. Nd5 Rb8 18. Qa4 h3 19. Bd2 hxg2 20. Rg1 gxf1=Q+ 21. Kxf1 Bg7 22. Rg5 Bb7 23. Ba5 Qxg5 24. fxg5 Bxd5 25. Bc7 Rb7 26. Bxd6 Rd8 27. Bxc5 Bf3 28. Bc6 Rc7 29. Bxf3 Rxc5 30. Qxa7 Rf5 31. Qc7 Re8 32. Qc6 Re6 33. Qa8+ Kh7 34. Re1 Rd6 35. Re4 1-0

[Event "Daventry 4NCL Easter Open"]
[Site "Daventry"]
[Date "2025.04.21"]
[Round "7.2"]
[White "Chan, Sheng Liang Bernard"]
[Black "Bin-Suhayl, Ieysaa"]
[Result "0-1"]
[WhiteElo "2177"]
[BlackElo "2335"]
[PlyCount "108"]
[EventDate "2025.04.18"]
[EventType "swiss"]
[EventRounds "7"]
[EventCountry "ENG"]
[SourceTitle "BritBase"]
[Source "John Saunders"]
[SourceDate "2025.09.17"]
[SourceVersion "1"]
[SourceVersionDate "2025.09.17"]
[SourceQuality "1"]

1. d4 Nf6 2. c4 e6 3. Nc3 Bb4 4. Bd2 d5 5. e3 O-O 6. Nf3 b6 7. cxd5 exd5 8. Ne5 c5 9. a3 Bxc3 10. Bxc3 Ne4 11. Bd3 f6 12. Nf3 Nc6 13. O-O c4 14. Bc2 Bg4 15. Qb1 Re8 16. Nd2 Bf5 17. Nxe4 Bxe4 18. Bxe4 Rxe4 19. b3 cxb3 20. Qxb3 Qd7 21. a4 Rb8 22. Rfc1 f5 23. Bd2 f4 24. Qb5 fxe3 25. Bxe3 Re6 26. Rc3 Rf8 27. Rac1 Rff6 28. g3 h6 29. Kg2 Rd6 30. Bf4 Rde6 31. Be3 Kh8 32. h3 Qd6 33. Bf4 Qd7 34. a5 bxa5 35. Rc5 a6 36. Qxa6 Rxf4 37. Rxc6 Rxc6 38. Qxc6 Qxc6 39. Rxc6 Rxd4 40. Ra6 a4 41. Ra5 Kg8 42. Kf3 Kf7 43. Ke3 Re4+ 44. Kd3 Ke6 45. Ra7 g5 46. Ra6+ Ke5 47. Rxh6 Rd4+ 48. Kc3 Rc4+ 49. Kb2 d4 50. h4 d3 51. hxg5 d2 52. f4+ Ke4 53. Rd6 Rd4 54. Rxd4+ Kxd4 0-1

[Event "Daventry 4NCL Easter Open"]
[Site "Daventry"]
[Date "2025.04.21"]
[Round "7.3"]
[White "Bharat Kumar, Balahari"]
[Black "Vaidyanathan, Adithya"]
[Result "0-1"]
[WhiteElo "2165"]
[BlackElo "2287"]
[PlyCount "66"]
[EventDate "2025.04.18"]
[EventType "swiss"]
[EventRounds "7"]
[EventCountry "ENG"]
[SourceTitle "BritBase"]
[Source "John Saunders"]
[SourceDate "2025.09.17"]
[SourceVersion "1"]
[SourceVersionDate "2025.09.17"]
[SourceQuality "1"]

1. b3 c5 2. Bb2 Nc6 3. e3 e5 4. d3 d6 5. c4 g6 6. Nc3 Bg7 7. g3 Nge7 8. Bg2 O-O 9. Nge2 Be6 10. O-O d5 11. cxd5 Nxd5 12. Ne4 b6 13. Qd2 Rc8 14. Rfd1 Qe7 15. N2c3 Rfd8 16. Qe2 h6 17. Rac1 Qb7 18. Nb5 Qa6 19. Nbc3 Ndb4 20. Ba1 f5 21. Nd2 Nxa2 22. Nc4 Nxc1 23. Rxc1 Nb4 24. Rd1 Rxd3 25. Rxd3 Nxd3 26. Qxd3 Qxa1+ 27. Bf1 Kh7 28. Nb5 f4 29. Kg2 fxe3 30. fxe3 Rf8 31. Be2 Qe1 32. Bf3 Rxf3 33. Kxf3 e4+ 0-1